Capitales avec la lettre I comme deuxième lettre - Statistiques

Statistiques générales
  • Ce quiz a été pris 1 540 fois
    1 538 depuis la dernière actualisation
  • Le résultat moyen est 15 sur 25
Statistiques - réponses
Capitale % Correct
Lisbonne
84%
Lima
77%
Riga
73%
Vilnius
73%
Minsk
71%
Dili
67%
Vienne
66%
Riyad
65%
Kiev
63%
Kigali
63%
Bichkek
61%
Niamey
60%
Tirana
59%
Kinshasa
56%
Nicosie
56%
Singapour
56%
Vientiane
53%
Kingston
51%
Kingstown
51%
Libreville
47%
Gitega
46%
Lilongwe
41%
Victoria
39%
Windhoek
37%
Bissau
36%
Aucun quiz correspondant
Distribution des résultats
% des personnes avec chaque résultat
Percentile par nombre de réponses
Votre historique - résultats
Vous n’avez pas pris ce quiz depuis la dernière actualisation